[Event "IV Niterói Chess Open 2024"]
[Site "Rio de Janeiro"]
[Date "2024.08.31"]
[Round "6"]
[White "Bonilla Viamonte, Diego Armando"]
[Black "Tischler Lema Garcia, Maria Eduarda"]
[Result "1-0"]
[WhiteElo "1777"]
[BlackElo "1511"]
[Annotator "Chessbase"]
[PlyCount "103"]
[EventDate "2024.08.28"]
[EventRounds "7"]
[EventCountry "BRA"]

1. d4 d5 2. c4 e6 3. Nc3 Be7 4. Nf3 Nf6 5. Bg5 h6 6. Bxf6 Bxf6 7. cxd5 exd5 8. e3 O-O 9. Bd3 c6 10. Qc2 Be6 11. O-O Nd7 12. b4 Rc8 ({RR} 12... Be7 13. Rab1 Nf6 14. Rfc1 Bd6 15. Na4 Qe7 16. Nc5 Rab8 17. b5 cxb5 18. Nxe6 Qxe6 19. Rxb5 Rfc8 20. Qb1 Rxc1+ 21. Qxc1 a6 22. Rb6 Bxh2+ 23. Nxh2 Qxb6 24. Nf3 Qc6 25. Qb1 Rc8 26. Qb3 b5 27. Ne5 {0-1 Jaramillo Rivadeneira,K (2003)-Loor Veliz,T (1632) Preinscritos IRT Online 2020 (11)}) 13. Rab1 a6 $146 ({RR} 13... Nb6 14. Nd2 a6 15. Rfc1 Qe7 16. Na4 Nxa4 17. Qxa4 Bg4 18. Nb3 Bg5 19. Re1 h5 20. Nc5 Qc7 21. Qc2 Be7 22. a4 Bd6 23. h3 Bd7 24. Rec1 Rfe8 25. Qe2 g6 26. Rc2 Re7 27. b5 axb5 28. axb5 {½-½ Bigge,M-Happel,H Ruhrgebiet VK3 9899 1998}) 14. Na4 Qc7 15. Rfc1 Rb8 16. Nc5 Nxc5 17. bxc5 Rfc8 18. Rb6 Qd7 19. Rcb1 Bd8 20. Ne5 Qc7 21. R1b2 Bf6 22. f4 Re8 23. Qb1 Bc8 24. Rxc6 Qe7 25. Rxa6 Bxe5 26. fxe5 f6 27. Rab6 fxe5 28. Rf2 exd4 29. exd4 Qe3 30. Qd1 Rf8 31. Qd2 Qe7 32. Rxf8+ Qxf8 33. Qf2 Qe8 34. Bg6 Qe7 35. Rb1 Bd7 36. Re1 Qf8 37. Qg3 Ra8 38. Rf1 Qe7 39. Bf7+ Kh8 40. Bxd5 Bb5 41. Rf7 Qg5 42. Qxg5 hxg5 43. Rf3 g6 44. Bxb7 Rxa2 45. Rc3 Ra1+ 46. Kf2 Ra2+ 47. Kg3 Ra4 48. d5 Ra7 49. c6 Kg7 50. d6 Kf7 51. d7 Ke7 52. Re3+ 1-0

[Event "IV Niterói Chess Open 2024"]
[Site "Rio de Janeiro"]
[Date "2024.08.30"]
[Round "4"]
[Board "22"]
[White "Okamura, Milton Kasuo"]
[Black "Nunes, Agatha Hurba"]
[Result "1/2-1/2"]
[WhiteElo "2004"]
[BlackElo "1906"]
[Annotator "Chessbase"]
[PlyCount "120"]
[EventDate "2024.08.28"]
[EventRounds "7"]
[EventCountry "BRA"]

1. d4 {ChessBase} d5 2. c4 e6 3. Nc3 Nf6 4. cxd5 exd5 5. Bg5 c6 6. e3 Nbd7 7. Bd3 Be7 8. Qc2 O-O 9. Nge2 Re8 10. f3 Nf8 11. O-O Be6 12. Rae1 Rc8 13. Qd2 ({RR} 13. Kh1 N6d7 14. Bxe7 Qxe7 ({RR} 14... Rxe7 15. Nf4 Rc7 16. Qf2 Nf6 17. e4 dxe4 18. fxe4 Rcd7 19. d5 cxd5 20. Bb5 Rc7 21. exd5 Bd7 22. Be2 Rc8 23. Qxa7 b6 24. Qa6 Ne4 25. d6 Nxd6 26. Nfd5 Re5 27. Qxb6 Nf5 28. Qxd8 Rxd8 29. Bd3) 15. Nf4 ({RR} 15. Qd2 Nb6 16. b3 Rcd8 17. a4 Qb4 18. Ne4 Qxd2 19. Nxd2) ({RR} 15. Ng3 Nb6 16. Qf2 c5 17. a3 a6 18. f4 f6 19. e4 dxe4 20. Ncxe4 cxd4 21. Nh5 Qf7 22. Qh4 Bc4 23. Nd6 Qd7 24. Rxe8 Bxd3 25. Qg3 Bg6 26. Qb3+ Kh8 27. Nxc8 Qxe8 28. Nd6 Qd7 29. Qxb6 Bxh5) 15... Qd6 16. Qf2 ({RR} 16. Qd2 Rcd8 17. e4 dxe4 18. Nxe4 Qc7 19. Nh5 f6 20. Qb4 Bd5 21. Bc4 Re6 22. Bxd5 cxd5 23. Nc3 Nb6 24. Rxe6 Nxe6 25. Re1 Qf7 26. Ng3 Re8 27. Nf5 Nf4 28. Rxe8+ Qxe8 29. Qe7) 16... f6 ({RR} 16... Ng6 17. Nfe2 Qb4 18. Ng3 Nf6) 17. Nxe6 ({RR} 17. h4) 17... Nxe6 18. f4 Ndf8 ({RR} 18... b5) ({RR} 18... Rcd8) 19. e4 ({RR} 19. Kg1) ({RR} 19. a3) 19... dxe4 20. Nxe4 Qd5 ({RR} 20... Qxd4 21. Qxd4 Nxd4 22. Nd6 Rxe1 23. Rxe1 Rb8 ({RR} 23... Rd8 24. Bc4+) 24. Bc4+ Kh8 25. Nf7+ Kg8 26. Nd8+ Kh8 27. Re8) ({RR} 20... Qd7 21. f5 Nxd4 22. Bc4+ Kh8 23. Nc5 Qd6 24. Nxb7 Qb4) 21. Rd1 ({RR} 21. f5 Nxd4 22. Qg3 Rxe4 23. Bxe4) 21... f5 22. Nc3 Qxd4 23. Bxf5 Qxf2 24. Rxf2 Rcd8 25. Rxd8 Rxd8 26. g3 Kf7 27. Kg2 Nc5 {½-½ Carlsen,M (2770)-Ivanchuk,V (2746) Leon 22nd rapid 2009 (2.2)} ({RR} 27... Nd4 28. Rd2 Nfe6)) ({RR} 13. Nf4 h6 14. Bh4 c5 15. Qd2 cxd4 16. exd4 Ne4 17. fxe4 Bxh4 18. g3 dxe4 19. Bxe4 Bf6 20. Rd1 Bg4 21. Bf3 Bxf3 22. Rxf3 Ne6 23. Nxe6 Rxe6 24. Kg2 Rd6 25. Ne4 Rdc6 26. Nxf6+ Rxf6 27. Rxf6 Qxf6 {1-0 Caruana,F (2804)-Weishaeutel,M (2378) Titled Tue 26th Mar Late 2024 (2)}) 13... N6d7 $146 (13... N8d7) ({RR} 13... a6 14. a3 N6d7 15. Bxe7 Qxe7 16. Ng3 Qd6 17. Kh1 Rcd8 18. b4 b5 19. e4 dxe4 20. Ngxe4 Qc7 21. Nc5 Nxc5 22. dxc5 Rxd3 23. Qxd3 Bc4 24. Qc2 Bxf1 25. Rxf1 Re3 26. Qc1 Qe5 27. Ne4 Rd3 28. h3 {½-½ Zhigalko,A (2590)-Fedorovsky,M (2395) EU-ch 13th Plovdiv 2012 (5)}) ({RR} 13... h6 14. Bf4 Nh5 15. Be5 Nd7 16. g4 Nhf6 17. Bg3 c5 18. Bb1 Nb6 19. b3 c4 20. Qc2 cxb3 21. axb3 Bb4 22. Qd3 Rc6 23. Rc1 Ba3 24. Rc2 a6 25. Nf4 Qe7 26. Rg2 Kf8 27. h4 Bb4 28. Na2 {0-1 Cruz,W (2217)-Rodrigues,E (2303) Pocos de Caldas op 2014 (2)}) ({RR} 13... a6 14. a3 Rc7 15. Bb1 Bc8 16. b4 b5 17. Bf4 Ra7 18. Rc1 Be6 19. Nd1 Qa8 20. Nf2 N6d7 21. Nd3 Nb6 22. Nc5 Nc4 23. Qd3 a5 24. Bg3 axb4 25. axb4 g6 26. e4 Ra1 27. Nf4 Bg5 28. Rc3 {1-0 Amoyal,P (2171)-Saada,J (2247) FRA-chT1A 0607 2006 (6.6)}) 14. Bxe7 Rxe7 15. Nf4 Nb6 16. Qf2 Qd7 17. g4 Nc4 18. Bxc4 dxc4 19. e4 Qc7 20. Qe3 f6 21. Rd1 Bf7 22. Nce2 b5 23. a3 a5 24. Ng3 Rd7 25. Rc1 Rcd8 26. Rfd1 Qb6 27. Nge2 b4 28. axb4 axb4 29. Rd2 Ra8 30. Kf2 Ra2 31. d5 Qxe3+ 32. Kxe3 g5 33. Nh5 Bxh5 34. gxh5 cxd5 35. Rxd5 Rxb2 36. Rxc4 Ra7 37. Rd3 Raa2 38. Ng3 Ra3 39. Nf5 Rbb3 40. Rxb3 Rxb3+ 41. Kf2 Ne6 42. h4 Rb2+ 43. Ke3 gxh4 44. Nxh4 b3 45. Rb4 Rh2 46. Nf5 b2 47. h6 Ng5 48. Rb8+ Kf7 49. Rb7+ Ke8 50. Nd6+ Kd8 51. Nc4 Rxh6 52. Rxb2 Rh3 53. Nd2 Ke7 54. Rb5 h6 55. Rf5 Rh1 56. Nc4 Rc1 57. Nb6 Rc6 58. Nd5+ Kf7 59. Kf2 Kg7 60. Kg3 Nf7 1/2-1/2

[Event "IV Niterói Chess Open 2024"]
[Site "Rio de Janeiro"]
[Date "2024.08.31"]
[Round "6"]
[White "Quintiliano, Renato R."]
[Black "Pires, Marcos Vinicius Tor"]
[Result "1/2-1/2"]
[WhiteElo "2499"]
[BlackElo "2212"]
[Annotator "Chessbase"]
[PlyCount "67"]
[EventDate "2024.08.28"]
[EventRounds "7"]
[EventCountry "BRA"]

1. d4 d5 2. c4 e6 3. Nc3 Nf6 4. Nf3 a6 5. cxd5 exd5 6. Bg5 Be6 7. e3 Nbd7 8. Bd3 Bd6 9. h3 c6 10. Bf4 Qc7 11. Qd2 Nh5 12. Bxd6 Qxd6 13. O-O O-O 14. Qc2 g6 15. Na4 Ng7 $146 ({RR} 15... a5 16. Rfc1 Ng7 17. Nc5 Ra7 18. a4 Bf5 19. Ra3 Bxd3 20. Rxd3 Ne6 21. Nxd7 Qxd7 22. Rb3 Qc7 23. Ne1 {½-½ Efremov,V (2267)-Babakekhyan,A (2221) TCh-RUS HL 2024 (3.10)}) 16. Nc5 Rab8 17. b4 Bf5 18. a4 Rfc8 19. Rfc1 Qe7 20. Rab1 Nb6 21. b5 cxb5 22. axb5 a5 23. Bxf5 Nxf5 24. Qa2 Ra8 25. Na4 Nxa4 26. Qxa4 Rxc1+ 27. Rxc1 Qb4 28. Qxb4 axb4 29. Rb1 Nd6 30. Rxb4 Ra1+ 31. Kh2 Ra2 32. Kg1 Ra1+ 33. Kh2 Ra2 34. Kg1 1/2-1/2

[Event "IV Niterói Chess Open 2024"]
[Site "Rio de Janeiro"]
[Date "2024.08.30"]
[Round "4"]
[Board "32"]
[White "Garcia, Erich Douglas Ribeiro"]
[Black "De Sa, Miguel Melro Franco Braga"]
[Result "1/2-1/2"]
[WhiteElo "1675"]
[BlackElo "1813"]
[Annotator "Chessbase"]
[PlyCount "61"]
[EventDate "2024.08.28"]
[EventRounds "7"]
[EventCountry "BRA"]

1. d4 d5 2. c4 e6 3. Nc3 Nf6 4. a3 Be7 5. c5 b6 6. b4 O-O 7. Nf3 a5 8. Bf4 c6 9. h3 Nbd7 10. e3 Ba6 $146 ({RR} 10... axb4 11. axb4 Rxa1 12. Qxa1 bxc5 13. bxc5 Bb7 14. Bd3 Qa8 15. Qb2 Ba6 16. Bc2 Qb7 17. Qxb7 Bxb7 18. Kd2 Ra8 19. Rb1 Bc8 20. Ne1 Bd8 21. Nd3 Ba5 22. Nb4 Bxb4 23. Rxb4 Ra7 24. f3 h6 25. Na4 {½-½ Brizuela Abreu,R (2310)-Mendoza,D (2147) Caracas Sunaval 2nd 2015 (9)}) 11. Bxa6 Rxa6 12. O-O b5 13. Re1 Qa8 14. Nd2 h6 15. f3 Nh5 16. Bh2 Bh4 17. Rf1 Ng3 18. Bxg3 Bxg3 19. Nb3 Bc7 20. Ne2 e5 21. Qb1 f5 22. dxe5 Nxe5 23. Ned4 Qc8 24. Rd1 Nc4 25. Kf2 axb4 26. axb4 Rxa1 27. Qxa1 Qe8 28. Re1 Qg6 29. f4 Bd8 30. Kg1 Bh4 31. Re2 1/2-1/2

[Event "IV Niterói Chess Open 2024"]
[Site "Rio de Janeiro"]
[Date "2024.08.30"]
[Round "4"]
[Board "35"]
[White "Oliveira, Olavo Tadeu Carvalho"]
[Black "Dos Santos, Gilvan Nobrega"]
[Result "1/2-1/2"]
[WhiteElo "1751"]
[BlackElo "1898"]
[Annotator "Chessbase"]
[PlyCount "49"]
[EventDate "2024.08.28"]
[EventRounds "7"]
[EventCountry "BRA"]

1. d4 Nf6 2. c4 e6 3. Nf3 d5 4. Nc3 Bb4 5. cxd5 exd5 6. Bg5 h6 7. Bxf6 Qxf6 8. e3 O-O 9. Qb3 Bxc3+ 10. bxc3 c6 11. Bd3 Nd7 12. O-O Re8 $146 ({RR} 12... Qe7 13. Rae1 Nf6 14. Nd2 Ne4 15. Qc2 f5 16. f3 Nd6 17. e4 fxe4 18. fxe4 Rxf1+ 19. Rxf1 dxe4 20. Nxe4 Nxe4 21. Bxe4 Be6 22. Qe2 Re8 23. Bg6 Bd5 24. Qf2 Rd8 25. Bb1 Rd6 26. Qf5 g6 27. Qh3 {0-1 Koch-Muller,O (2054)-Liu,C (2307) Fredericia IM 2024 (5.5)}) ({RR} 12... Rb8 13. Qa3 a6 14. Rab1 Re8 15. c4 dxc4 16. Bxc4 Qg6 17. Qb3 Rf8 18. Kh1 b5 19. Bd3 Qd6 20. Qc2 c5 21. Rfd1 c4 22. Bf5 Nb6 23. Ne5 g6 24. Be4 Bb7 25. f4 Bxe4 26. Qxe4 Qd5 27. Qc2 {1-0 Tobares,L (2189)-Sekar,B (2333) Titled Tue 7th Feb Early 2023 (4)}) 13. Rfd1 Rb8 14. Qa3 a6 15. c4 dxc4 16. Bxc4 Nb6 17. Bd3 Bf5 18. Rab1 Bxd3 19. Qxd3 Nd5 20. Rdc1 Qe6 21. Qc4 Qe7 22. Ne5 f6 23. Nd3 Kh8 24. Qc5 Qe4 25. Qc2 1/2-1/2

[Event "IV Niterói Chess Open 2024"]
[Site "Rio de Janeiro"]
[Date "2024.08.28"]
[Round "1"]
[Board "41"]
[White "Ramos, Angelo Bil"]
[Black "Garcia, Erich Douglas Ribeiro"]
[Result "0-1"]
[WhiteElo "1957"]
[BlackElo "1675"]
[Annotator "Chessbase"]
[PlyCount "90"]
[EventDate "2024.08.28"]
[EventRounds "7"]
[EventCountry "BRA"]

1. e4 c6 2. d4 d5 3. exd5 cxd5 4. c4 e6 5. Nc3 Nf6 6. Nf3 Be7 7. Bd3 O-O 8. O-O Nc6 9. a3 dxc4 10. Bxc4 Nd5 11. Ne4 ({RR} 11. Bxd5 exd5 12. Qb3 Bf6 13. Nxd5 Nxd4 14. Nxf6+ Qxf6 15. Nxd4 Qxd4 16. Be3 Qe4 17. Rac1 Be6 18. Qc2 Bd5 19. Qxe4 Bxe4 20. Rfd1 Bc6 21. Bc5 Rfe8 22. Re1 a5 23. f3 f6 24. Kf2 Kf7 25. Rxe8 Rxe8 {½-½ Horvath,D (2501)-Esipenko,A (2680) TCh-AUT 2022-23 (3.6)}) 11... a6 $146 ({RR} 11... h6 12. Ba2 b6 13. Qd3 a5 14. Qc2 Bd7 15. Nc3 Nxc3 16. bxc3 Rc8 17. Bf4 b5 18. Qd3 h5 19. Rad1 Qb6 20. Ng5 Bxg5 21. Bxg5 Qc7 22. Qf3 Qd6 23. Qxh5 Qxa3 24. Bf6 Ne7 25. Rd3 Rxc3 26. Rxc3 {1-0 Gonda,L (2317)-Majeric,Z (2302) Tapolca Evadnyito op 2003 (7)}) ({RR} 11... b6 12. Qc2 Nf6 13. Bd3 Nxd4 14. Nxf6+ Bxf6 15. Nxd4 Qxd4 16. Bxh7+ Kh8 17. Rd1 Qe5 18. Be4 Rb8 19. Qd3 Qh5 20. Bf4 e5 21. Bf3 Bg4 22. Bxg4 Qxg4 23. Bg3 Rbd8 24. Qc2 Rc8 25. Qb3 Rfd8 26. Re1 {1-0 Nusch,P-Maux,M Liechtenstein op 13th 1995 (5)}) ({RR} 11... f5 12. Nc5 b6 13. Nd3 Bf6 14. Nde5 Nce7 15. Re1 Rb8 16. Qe2 f4 17. Bd2 Rb7 18. b4 Rc7 19. b5 Bxe5 20. dxe5 Bb7 21. Rac1 Rd7 22. Bb4 Rf5 23. Bd6 Ng6 24. Bd3 Rdf7 25. Be4 Rh5 26. Rc6 {1-0 Christensen,L (2162)-Taksrud,V (1979) Helsingor Xtracon op 2016 (8)}) 12. Ba2 b5 13. Re1 Bb7 14. Nc5 Rb8 15. Nxb7 Rxb7 16. Qd3 h6 17. Bb1 Nf6 18. Be3 Bd6 19. h3 Ne7 20. Nd2 Ned5 21. Ne4 Rb8 22. Bc2 Nxe4 23. Qxe4 Nf6 24. Qd3 Rc8 25. Rad1 Bb8 26. Bb1 Qd5 27. Qd2 Qh5 28. Bf4 Bxf4 29. Qxf4 Qd5 30. Re5 Qd6 31. Qg3 Rc7 32. Qf3 Rfc8 33. g4 Rc1 34. Ree1 Rxd1 35. Rxd1 Qd5 36. Qe2 Rd8 37. f4 g6 38. Bc2 Kg7 39. Kh2 Rc8 40. Rd2 a5 41. Qe5 Qxe5 42. dxe5 Nd5 43. f5 Ne3 44. f6+ Kf8 45. Bb3 Nf1+ 0-1

[Event "IV Niterói Chess Open 2024"]
[Site "Rio de Janeiro"]
[Date "2024.08.31"]
[Round "5"]
[Board "12"]
[White "Silva, Caio Henrique Angelico"]
[Black "Nascimento, Luiz Eduardo Da Trindade"]
[Result "1/2-1/2"]
[WhiteElo "2122"]
[BlackElo "1872"]
[Annotator "Chessbase"]
[PlyCount "36"]
[EventDate "2024.08.28"]
[EventRounds "7"]
[EventCountry "BRA"]

1. d4 d5 2. c4 c6 3. Nf3 Nf6 4. e3 e6 5. Nc3 Bb4 6. Qb3 Qe7 ({RR} 6... a5 7. a3 Bxc3+ 8. Qxc3 Ne4 9. Qc2 Nd7 10. Bd3 f5 11. O-O O-O 12. Ne1 Ndf6 13. f3 Nd6 14. Bd2 Kh8 15. b4 a4 16. c5 Nb5 17. Be2 Bd7 18. Nd3 Be8 19. Nb2 Bg6 20. Nxa4 f4 21. Qb3 {½-½ Mascarinas,R (2440)-Handoko,E (2390) Asia-chT fin 09th 1991 (2)}) ({RR} 6... Bxc3+ 7. bxc3 O-O 8. Bd3 Nbd7 9. O-O Re8 10. cxd5 exd5 11. c4 Nb6 12. cxd5 cxd5 13. a4 Nbd7 14. a5 Nf8 15. Ba3 Ne6 16. Rfc1 Ne4 17. Ne5 Qh4 18. Ra2 Nf6 19. Rac2 Ng5 20. f4 Ne6 21. Bb5 {1-0 Derakhshani,B (2355)-Fellowes,B (1969) British Rapidplay 2024 (4.11)}) 7. Bd2 a5 $146 ({RR} 7... Nbd7 8. Bd3 O-O 9. O-O dxc4 10. Bxc4 Nb6 11. Bd3 Bd7 12. e4 h6 13. a3 Bxc3 14. bxc3 Rac8 15. e5 Ne8 16. c4 Rc7 17. Bb4 c5 18. dxc5 Ba4 19. cxb6 Bxb3 20. Bxe7 Rxe7 21. bxa7 Nc7 22. Rab1 {1-0 Phenn,U (1908)-Kurz,L (1632) Nuremberg Zabo op 10th 2008 (3)}) ({RR} 7... O-O 8. Be2 Re8 9. O-O Nbd7 10. a3 Bd6 11. Rfd1 Ne4 12. Be1 f5 13. Rac1 Ndf6 14. Bf1 Kh8 15. Ne2 g5 16. Ne5 Nd7 17. Nxd7 Qxd7 18. Nc3 Nxc3 19. bxc3 Rg8 20. cxd5 exd5 21. c4 Qf7 22. cxd5 {1-0 Merva,F (2045)-Puobis,J (1856) SVK-chT4 A22 1415 2014 (4.6)}) ({RR} 7... Nbd7 8. Rc1 Bd6 9. Be2 O-O 10. h3 Ne4 11. Qc2 f5 12. Bd3 a6 13. a3 g5 14. Ne2 Qf6 15. Bc3 Rf7 16. Neg1 h6 17. Ke2 g4 18. Bxe4 fxe4 19. hxg4 exf3+ 20. Nxf3 Rg7 21. Ne5 Nxe5 22. dxe5 {½-½ Just,F (2019)-Spoden,K (1835) MVP-ch Seniors op 15th 2015 (8.13)}) 8. Be2 Bxc3 9. bxc3 O-O 10. a4 Ne4 11. Bc1 Re8 12. O-O Nd7 13. Ba3 Qd8 14. cxd5 exd5 15. c4 Ndf6 16. cxd5 Nxd5 17. Ra2 Rb8 18. Ne5 Be6 1/2-1/2

[Event "IV Niterói Chess Open 2024"]
[Site "Rio de Janeiro"]
[Date "2024.09.01"]
[Round "7"]
[Board "51"]
[White "Sarmento, Flora Ferreira"]
[Black "Hubner, Jessica Trindade"]
[Result "0-1"]
[WhiteElo "1608"]
[BlackElo "1845"]
[Annotator "Chessbase"]
[PlyCount "120"]
[EventDate "2024.08.28"]
[EventRounds "7"]
[EventCountry "BRA"]

1. d4 d5 2. c4 c6 3. Nc3 Nf6 4. Bg5 Nbd7 5. Nf3 e6 6. cxd5 exd5 7. e3 Qa5 8. Qd2 Bb4 9. Bd3 Ne4 10. Bxe4 dxe4 11. Ne5 Nb6 $146 ({RR} 11... f6 12. Nxd7 Qxg5 13. Nc5 Bf5 14. O-O-O O-O-O 15. Qc2 Bxc5 16. dxc5 Rxd1+ 17. Qxd1 Qxg2 18. Qe1 Qg6 19. Ne2 Qf7 20. Qc3 Qxa2 21. Rg1 Qf7 22. Nd4 Bg6 23. Kc2 Rd8 24. Ra1 a6 25. Ra4 Rd5 26. Qa3 {0-1 De Leroy,B-Brandt,N Weilburg NBG op 1995 (5)}) ({RR} 11... Nxe5 12. dxe5 Be6 13. Rd1 O-O 14. Qd4 Bxc3+ 15. bxc3 Qxa2 16. Qxe4 Bc4 17. Qg4 Be6 18. Qg3 Qc2 19. O-O Qg6 20. Rd6 h6 21. Bh4 Qxg3 22. Bxg3 Rfd8 23. e4 g5 24. Rb1 Rxd6 25. exd6 b5 26. f4 {½-½ Bastien,P-Wilkin,A Trois-Rivieres ch 1979 (9)}) 12. a3 Bxc3 13. bxc3 f6 14. Bf4 fxe5 15. dxe5 O-O 16. O-O Nd5 17. Rfc1 Nxf4 18. exf4 Be6 19. Qe3 Qa4 20. c4 Bxc4 21. Qxe4 Bb5 22. Qxa4 Bxa4 23. Rc4 Bb5 24. Re4 c5 25. g3 Bc6 26. Rc4 b6 27. Rd1 Rad8 28. Rxd8 Rxd8 29. Rc1 Bf3 30. Kf1 Rd1+ 31. Rxd1 Bxd1 32. Ke1 Bb3 33. Kd2 a5 34. Kc3 a4 35. h3 b5 36. f5 Kf7 37. f4 Bd5 38. e6+ Ke7 39. f6+ Kxf6 40. g4 Bxe6 41. f5 Bxf5 42. gxf5 Kxf5 43. h4 g5 44. hxg5 Kxg5 45. Kb2 b4 46. axb4 cxb4 47. Kc2 h5 48. Kb2 h4 49. Kc2 h3 50. Kb2 h2 51. Kc2 h1=Q 52. Kd3 Qh4 53. Ke3 Qc4 54. Kf3 Qd4 55. Ke2 Qc3 56. Kf2 Kf4 57. Ke2 a3 58. Kf2 Qc2+ 59. Kf1 Kf3 60. Ke1 Qe2# 0-1

[Event "IV Niterói Chess Open 2024"]
[Site "Rio de Janeiro"]
[Date "2024.08.29"]
[Round "3"]
[Board "18"]
[White "Nunes, Agatha Hurba"]
[Black "Fernandes, Felipe Gambini"]
[Result "1/2-1/2"]
[WhiteElo "1906"]
[BlackElo "1852"]
[Annotator "Chessbase"]
[PlyCount "47"]
[EventDate "2024.08.28"]
[EventRounds "7"]
[EventCountry "BRA"]

1. d4 d5 2. c4 e6 3. cxd5 exd5 4. Nc3 c6 5. Nf3 Nf6 6. Bg5 Nbd7 7. e3 Qa5 8. Bd3 Ne4 9. Qc2 Nxg5 ({RR} 9... Ndf6 10. Bh4 Bb4 11. O-O Nxc3 12. bxc3 Bxc3 13. Rac1 Bb4 14. Bxf6 gxf6 15. Bf5 Be6 16. Nh4 Bd6 17. Rfe1 O-O-O 18. e4 dxe4 19. Bxe6+ fxe6 20. Qxe4 Rhe8 21. g3 f5 22. Qc2 Rd7 23. Nxf5 Rf8 24. Nxd6+ {0-1 Essing,A (2214)-Bilan,D (2303) Titled Tue 28th May Early 2024 (5)}) 10. Nxg5 g6 ({RR} 10... Nf6 11. O-O h6 12. Nf3 Bd6 13. Rae1 O-O 14. Ne5 Bxe5 15. dxe5 Ng4 16. f4 Nxe3 17. Rxe3 d4 18. Ree1 dxc3 19. bxc3 Re8 20. Kh1 Bd7 21. Bc4 Be6 22. Bxe6 Rxe6 23. Rd1 Rd8 24. Rd4 c5 25. Rxd8+ {½-½ Bacrot,E (2715)-Fressinet,L (2650) FRA-ch playoff 92nd rapid 2017 (3)}) 11. O-O Bg7 12. h4 $146 ({RR} 12. a3 O-O 13. b4 Qd8 14. Nf3 Nf6 15. Rfc1 Bd7 16. Ne5 Be6 17. b5 Rc8 18. bxc6 bxc6 19. Ba6 Bf5 20. e4 dxe4 21. Bxc8 Qxc8 22. Qa4 Nd7 23. Nxc6 Re8 24. Nd5 Qa8 25. Nc7 Qc8 26. Nxa7 Qd8 {1-0 Navarro Lerma,R-Tarek,F Oberena op 2nd 1998 (2)}) ({RR} 12. Rab1 O-O 13. b4 Qd8 14. Nf3 f5 15. b5 Nf6 16. bxc6 bxc6 17. Ne5 Ng4 18. Nxc6 Qd6 19. Ne5 Bxe5 20. dxe5 Qxe5 21. g3 Be6 22. Rfd1 Rac8 23. Rbc1 Rc7 24. Qd2 d4 25. exd4 Qxd4 26. Bf1 Qxd2 {0-1 Hatebur,A-Reichenberg,T Recklinghausen op 1995 (2)}) 12... Nf6 13. Ne2 h6 14. Nf3 Bg4 15. Ne5 Bxe2 16. Bxe2 Qc7 17. Bd3 g5 18. Bg6 fxg6 19. Qxg6+ Kf8 20. Qf5 Kg8 21. Qe6+ Kh7 22. Qf5+ Kg8 23. Qe6+ Kh7 24. Qf5+ 1/2-1/2

[Event "IV Niterói Chess Open 2024"]
[Site "Rio de Janeiro"]
[Date "2024.08.31"]
[Round "5"]
[Board "6"]
[White "Perdomo, Leandro"]
[Black "Serpa, Rafael Araujo"]
[Result "1-0"]
[WhiteElo "2359"]
[BlackElo "2107"]
[Annotator "Chessbase"]
[PlyCount "56"]
[EventDate "2024.08.28"]
[EventRounds "7"]
[EventCountry "BRA"]

1. d4 d5 2. c4 e6 3. Nc3 Be7 4. Nf3 Nf6 5. Bg5 h6 6. Bxf6 Bxf6 7. e3 O-O 8. Rc1 c6 9. Bd3 Nd7 10. O-O dxc4 11. Bxc4 b6 12. e4 c5 $146 ({RR} 12... Bb7 13. e5 Be7 14. Qe2 b5 15. Bd3 c5 16. Nxb5 cxd4 17. Be4 Bxe4 18. Qxe4 Qb6 19. Nbxd4 Nc5 20. Qe2 a5 21. Rc4 a4 22. Rfc1 Rfd8 23. h3 Rd5 24. R1c2 Bf8 25. R2c3 Rb8 26. b4 axb3 27. axb3 {1-0 Karpov,A (2705)-Spassky,B (2580) World Team-ch01 1985 (3.1)}) ({RR} 12... Bb7 13. e5 Be7 14. Qe2 Rc8 15. Rfd1 Qc7 16. Bb3 Qb8 17. Rc2 Rfe8 18. Rcd2 Bf8 19. h4 a6 20. h5 c5 21. d5 exd5 22. Bxd5 Bxd5 23. Rxd5 Nf6 24. R5d2 b5 25. Ne4 Nxh5 26. Qe3 Rc6 27. Rd5 {0-1 Jakovljevic,V (2365)-Mesic,I (2242) Banjaluka Chess Open 2024 (3.4)}) ({RR} 12... Bb7 13. e5 Be7 14. Qe2 Re8 15. Rfd1 b5 16. Bd3 Qb6 17. Qe4 Nf8 18. Qe3 c5 19. Nxb5 cxd4 20. Qxd4 Red8 21. Qxb6 axb6 22. a3 Bxf3 23. gxf3 Bg5 24. Rb1 Nd7 25. Be4 Rab8 26. b4 Nxe5 27. Kg2 {½-½ Portisch,L (2610)-Spassky,B (2610) London 1986 (3)}) ({RR} 12... Bb7 13. e5 Be7 14. a3 a6 15. Ba2 Re8 16. Bb1 c5 17. Be4 Bxe4 18. Nxe4 cxd4 19. Qxd4 Nc5 {½-½ Sanchez Jimenez,J-Visier Segovia,F (2320) ESP-ch Spain 1993 (2)}) 13. e5 cxd4 14. exf6 dxc3 15. fxg7 Kxg7 16. Rxc3 Qf6 17. Re1 Rd8 18. Rd3 a6 19. Nd4 Ne5 20. Nf5+ exf5 21. Rxd8 Nxc4 22. Ree8 Bb7 23. Rxa8 Bxa8 24. Rxa8 Nxb2 25. Qb3 Qd4 26. Qg3+ Kf6 27. Rd8 Qc4 28. Rd6+ Ke7 1-0

[Event "IV Niterói Chess Open 2024"]
[Site "Rio de Janeiro"]
[Date "2024.08.29"]
[Round "2"]
[Board "29"]
[White "Okamura, Milton Kasuo"]
[Black "Tischler Lema Garcia, Maria Eduarda"]
[Result "1-0"]
[WhiteElo "2004"]
[BlackElo "1511"]
[Annotator "Chessbase"]
[PlyCount "93"]
[EventDate "2024.08.28"]
[EventRounds "7"]
[EventCountry "BRA"]

1. d4 d5 2. c4 e6 3. Nc3 Be7 4. Nf3 Nf6 5. Bg5 h6 6. Bh4 O-O 7. e3 dxc4 8. Bxc4 a6 ({RR} 8... c5 9. O-O cxd4 10. Nxd4 Bd7 11. Qe2 Nc6 12. Rfd1 Qb6 13. Nf3 Rfd8 14. e4 Be8 15. e5 Nh7 16. Bxe7 Nxe7 17. Ne4 Bc6 18. Nd6 Ng6 19. Nd4 Nhf8 20. Nxc6 bxc6 21. Bb3 Qc5 22. Nc4 Rd5 23. Rac1 {1-0 Shabalov,A (2592)-Kaidanov,G (2640) Chicago op 12th 2003 (6)}) 9. O-O ({RR} 9. a4 c5 10. Qe2 Nc6 11. Rd1 cxd4 12. exd4 Bd7 13. O-O Nb4 14. Rfe1 Re8 15. Ne5 Rc8 16. f4 Nfd5 17. Bg3 Nxc3 18. bxc3 Nd5 19. f5 Bf6 20. Nxf7 Kxf7 21. Qh5+ Kg8 22. fxe6 Bc6 23. Bb3 Ne7 {0-1 Sierra Mejia,J (2105)-Loaiza Cuervo,S (1996) XXXI Feria de las Flores 2024 (8.15)}) 9... b5 10. Bd3 Bb7 11. Qe2 $146 ({RR} 11. Rc1 Nbd7 12. Bb1 Rc8 13. Qe2 c5 14. dxc5 Rxc5 15. a3 Qa8 16. Rfd1 Rd8 17. e4 Nf8 18. Ne1 Rxd1 19. Rxd1 Qe8 20. h3 Rc8 21. Nc2 Rd8 22. Ne3 Rxd1+ 23. Qxd1 Ng6 24. Bg3 Nf8 25. e5 N6d7 {0-1 Moldovanovic,D (2051)-Sulaiman,A (1908) Olympiad-43 Batumi 2018 (7.62)}) 11... Nbd7 12. Rfd1 Qc8 13. Rac1 Qb8 14. e4 Re8 15. Nd2 c5 16. dxc5 Nxc5 17. Bb1 Qf4 18. Bg3 Qg4 19. Qxg4 Nxg4 20. b4 Nd7 21. Nb3 Nb6 22. Na5 Ra7 23. a3 Ba8 24. Bf4 Rd7 25. f3 Rxd1+ 26. Nxd1 Nf6 27. Nf2 Rc8 28. Nd3 Rxc1+ 29. Nxc1 Kf8 30. Nd3 Ke8 31. Bc2 Kd7 32. Nc5+ Bxc5+ 33. bxc5 Nc8 34. Kf2 Ne7 35. Ke3 Ned5+ 36. exd5 Nxd5+ 37. Ke4 Nb4+ 38. c6+ Nxc6 39. Nxc6 Bxc6+ 40. Kd4 f6 41. Kc5 e5 42. Bd2 Bb7 43. Kb6 Bc8 44. Bf5+ Kd8 45. Bxc8 Kxc8 46. Kxa6 Kb8 47. Kxb5 1-0